<?xml version="1.0" encoding="UTF-8"?><?xml-stylesheet type="text/xsl" href="static/style.xsl"?><OAI-PMH xmlns="http://www.openarchives.org/OAI/2.0/" xmlns:xsi="http://www.w3.org/2001/XMLSchema-instance" xsi:schemaLocation="http://www.openarchives.org/OAI/2.0/ http://www.openarchives.org/OAI/2.0/OAI-PMH.xsd"><responseDate>2026-06-01T06:11:16Z</responseDate><request verb="GetRecord" identifier="oai:riuma.uma.es:10630/29830" metadataPrefix="marc">https://riuma.uma.es/rest/oai/request</request><GetRecord><record><header><identifier>oai:riuma.uma.es:10630/29830</identifier><datestamp>2026-02-03T11:35:31Z</datestamp><setSpec>com_10630_2254</setSpec><setSpec>col_10630_37953</setSpec></header><metadata><record xmlns="http://www.loc.gov/MARC21/slim" xmlns:dcterms="http://purl.org/dc/terms/" xmlns:doc="http://www.lyncode.com/xoai" xmlns:xsi="http://www.w3.org/2001/XMLSchema-instance" xsi:schemaLocation="http://www.loc.gov/MARC21/slim http://www.loc.gov/standards/marcxml/schema/MARC21slim.xsd">
   <leader>00925njm 22002777a 4500</leader>
   <datafield ind2=" " ind1=" " tag="042">
      <subfield code="a">dc</subfield>
   </datafield>
   <datafield ind2=" " ind1=" " tag="720">
      <subfield code="a">Fernández-de-Cañete-Rodríguez, Francisco Javier</subfield>
      <subfield code="e">author</subfield>
   </datafield>
   <datafield ind2=" " ind1=" " tag="720">
      <subfield code="a">Martín-Aguilar, Jesús</subfield>
      <subfield code="e">author</subfield>
   </datafield>
   <datafield ind2=" " ind1=" " tag="260">
      <subfield code="c">2020-12-15</subfield>
   </datafield>
   <datafield ind2=" " ind1=" " tag="520">
      <subfield code="a">Simulation is an important tool for evaluating the design of a ship-course control system. The object-oriented modeling&#xd;
supports the physical modeling of a multi-domain dynamical system by using a hierarchical acausal structure, as compared&#xd;
to block diagrams or differential equation-based causal structures. In this paper we describe the use of the&#xd;
SIMSCAPE simulation environment for the physical modeling-based design of the course control system of a ship. The&#xd;
complete model has been implemented by using this physical modeling approach whereby dynamic system equations are&#xd;
transformed into a diagram of interconnected physical blocks so as to represent in this way the true structure of the&#xd;
modeled system. The performance of the course control of the ship model was analyzed by simulation in light of the&#xd;
existing hypothesis and indirect validation tests previously performed with operational data. The results obtained by&#xd;
using sequences of course-changing maneuvers with varying disturbances serve to demonstrate the usefulness of the&#xd;
physical modeling-based approach with high accuracy and small computational cost as compared to the classical differential&#xd;
equation-based or the adimensional block-oriented diagrams. This methodology can be easily extended to other&#xd;
engineering fields provided that a suitable set of SIMSCAPE physical libraries can be used (electrical, mechanical, hydraulics,&#xd;
thermal,...). In fact, the ship-course control system model here developed represents an interesting benchmark in&#xd;
the field of engineering systems to get insight on the physical modeling approach under SIMSCAPE or even under&#xd;
MODELICA, despite its specificity to marine systems.</subfield>
   </datafield>
   <datafield ind1="8" ind2=" " tag="024">
      <subfield code="a">Fernandez de Canete J, Martin-Aguilar J. Ship-course modeling and control using the SIMSCAPE physical modeling environment. SIMULATION. 2021;97(4):247-266.</subfield>
   </datafield>
   <datafield ind1="8" ind2=" " tag="024">
      <subfield code="a">https://hdl.handle.net/10630/29830</subfield>
   </datafield>
   <datafield ind1="8" ind2=" " tag="024">
      <subfield code="a">10.1177/0037549720974751</subfield>
   </datafield>
   <datafield tag="653" ind2=" " ind1=" ">
      <subfield code="a">Barcos - Métodos de simulación</subfield>
   </datafield>
   <datafield tag="653" ind2=" " ind1=" ">
      <subfield code="a">Optimización de las trayectorias</subfield>
   </datafield>
   <datafield ind2="0" ind1="0" tag="245">
      <subfield code="a">Ship-course modeling and control using the SIMSCAPE physical modeling environment.</subfield>
   </datafield>
</record>
</metadata></record></GetRecord></OAI-PMH>